A new systematic theology of the Christian faith / (Record no. 8889)
[ view plain ]
| 000 -LEADER | |
|---|---|
| fixed length control field | 00894cam a2200241 a 4500 |
| 001 - CONTROL NUMBER | |
| control field | 2124133 |
| 005 - DATE AND TIME OF LATEST TRANSACTION | |
| control field | 20260304171017.0 |
| 008 - FIXED-LENGTH DATA ELEMENTS--GENERAL INFORMATION | |
| fixed length control field | 970320s1998 tnu b 001 0 eng |
| 020 ## - INTERNATIONAL STANDARD BOOK NUMBER | |
| International Standard Book Number | 0849913179 |
| Qualifying information | hardcover |
| 020 ## - INTERNATIONAL STANDARD BOOK NUMBER | |
| Canceled/invalid ISBN | 9781418586805 (ebook) |
| 020 ## - INTERNATIONAL STANDARD BOOK NUMBER | |
| International Standard Book Number | 9780849913174 |
| Qualifying information | (hardcover) |
| 050 00 - LIBRARY OF CONGRESS CALL NUMBER | |
| Classification number | BT75.2 |
| Item number | .R49 1998 |
| 082 00 - DEWEY DECIMAL CLASSIFICATION NUMBER | |
| Classification number | 230/.51 |
| Edition information | 21 |
| 100 1# - MAIN ENTRY--PERSONAL NAME | |
| Personal name | Reymond, Robert L. |
| 245 12 - TITLE STATEMENT | |
| Title | A new systematic theology of the Christian faith / |
| Statement of responsibility, etc. | Robert L. Reymond. |
| 260 ## - PUBLICATION, DISTRIBUTION, ETC. | |
| Place of publication, distribution, etc. | Nashville : |
| Name of publisher, distributor, etc. | T. Nelson, |
| Date of publication, distribution, etc. | c1998. |
| 300 ## - PHYSICAL DESCRIPTION | |
| Extent | xxxvi, 1210 p. ; |
| Dimensions | 25 cm. |
| 500 ## - GENERAL NOTE | |
| General note | Lectures delivered at Covenant Theological Seminary, St. Louis, Mo. and Knox Theological Seminary, Fort Lauderdale, Fla. |
| 650 #0 - SUBJECT ADDED ENTRY--TOPICAL TERM | |
| Topical term or geographic name entry element | Theology, Doctrinal. |
| 650 #0 - SUBJECT ADDED ENTRY--TOPICAL TERM | |
| Topical term or geographic name entry element | Reformed Church |
| General subdivision | Doctrines. |
| 856 42 - ELECTRONIC LOCATION AND ACCESS | |
| Materials specified | Publisher description |
| Uniform Resource Identifier | <a href="http://www.loc.gov/catdir/enhancements/fy0609/97012939-d.html">http://www.loc.gov/catdir/enhancements/fy0609/97012939-d.html</a> |
| 942 ## - ADDED ENTRY ELEMENTS (KOHA) | |
| Source of classification or shelving scheme | Library of Congress Classification |
| Koha item type | Books |
| Suppress in OPAC | No |
| 999 ## - | |
| -- | 8889 |
| -- | 8889 |
| Withdrawn status | Lost status | Source of classification or shelving scheme | Damaged status | Not for loan | Collection | Home library | Current library | Shelving location | Date acquired | Total checkouts | Full call number | Barcode | Date last seen | Copy number | Price effective from | Koha item type |
|---|---|---|---|---|---|---|---|---|---|---|---|---|---|---|---|---|
| Library of Congress Classification | Non-fiction | Business Library (Miotso) | Business Library (Miotso) | General stacks | 03/04/2026 | BT75.2 .R49 1998 | BSSM00002470 | 03/04/2026 | 1 | 03/04/2026 | Books | |||||
| Library of Congress Classification | Non-fiction | Main Library (Kumasi) | Main Library (Kumasi) | General stacks | 04/21/2026 | BT75.2.R49 REY | bssk00000091 | 04/21/2026 | 2 | 04/21/2026 | Books |